| 000 | 01228nam a22002417a 4500 | ||
|---|---|---|---|
| 999 |
_c18636 _d18636 |
||
| 003 | AR-CdUCM | ||
| 008 | 190514b ||||| |||| 00| 0 spa d | ||
| 040 |
_aMUNICIPALIDAD PROVINCIAL DEL CUSCO _cBIBLIOTECA MUNICIPAL DEL CUSCO |
||
| 082 |
_22ed. _a621.328 / _bC73 |
||
| 110 |
_aAsociación Electrotécnica Peruana. _939344 |
||
| 245 | _aCódigo eléctrico del Perú / | ||
| 260 |
_aLima : _bAsociación Electrotécnica Peruana, _c1960. |
||
| 300 |
_a7-A páginas ; _bilustraciones, tablas, _c24 cm. |
||
| 500 | _aNota: La numeración del libro es conformado por un total de 07 folletos. | ||
| 505 | _aContenido: Folleto 1-A Generalidades magnitudes y notaciones -- Folleto 1-B Símbolos gráficos -- 1-C Definiciones usuales -- 2-A Medidas de protección contra los efectos de la electricidad -- 2-B Medidas de protección contra los efectos de la electricidad -- 2-C Normas generales para las instalaciones interiores de baja tensión ... | ||
| 650 |
_aInstalaciones eléctricas _939345 |
||
| 650 |
_aMedidas de seguridad _920071 |
||
| 650 |
_aIngeniería eléctrica _923057 |
||
| 650 |
_aReglamentos _98910 |
||
| 710 |
_aAsociación Electrotécnica Peruana. _939344 |
||
| 942 |
_2ddc _cLIBROS |
||
| 945 |
_aachl _d2019-05-14 |
||